| 000 | 01343cam a22002894a 4500 | ||
|---|---|---|---|
| 999 |
_c27448 _d27448 |
||
| 001 | 13360924 | ||
| 003 | OSt | ||
| 005 | 20170208144106.0 | ||
| 008 | 031002s2001 nyua bc 000 0 eng | ||
| 010 | _a 2003278094 | ||
| 020 | _a0816640122 | ||
| 040 |
_aDLC _cDLC _dDLC |
||
| 042 | _apcc | ||
| 050 | 0 | 0 |
_aNC266.E57 _bA4 2001 |
| 100 | 1 |
_aEnsor, James, _d1860-1949. |
|
| 245 | 1 | 0 |
_aBetween street and mirror : _bthe drawings of James Ensor / _cedited by Catherine de Zegher. |
| 260 |
_aNew York : _bDrawing Center ; _aMinneapolis : _bUniversity of Minnesota Press, _cc2001. |
||
| 300 |
_a256 p. : _bill. (some col.) ; _c27 cm. |
||
| 500 | _aPublished on the occasion of an exhibition held at the Drawing Center, New York, Apr. 27-July 21, 2001. | ||
| 504 | _aIncludes bibliographical references (p. 239-246). | ||
| 600 | 1 | 0 |
_aEnsor, James, _d1860-1949 _xThemes, motives _vExhibitions. |
| 700 | 1 | _aZegher, M. Catherine de. | |
| 710 | 2 | _aDrawing Center (New York, N.Y.) | |
| 856 | 4 | 1 |
_3Table of contents _uhttp://www.loc.gov/catdir/toc/fy042/2003278094.html |
| 906 |
_a7 _bcbc _corignew _d2 _encip _f20 _gy-gencatlg |
||
| 942 |
_2lcc _cBOOKS _hNC 266 .E57B48 2001 |
||